[Event "Oberliga Wuerttemberg 1920"]
[Site "Wuerttemberg"]
[Date "2020.02.16"]
[Round "7.6"]
[White "Gold, Stefan"]
[Black "Hoenick, Andreas"]
[Result "1/2-1/2"]
[WhiteElo "2013"]
[BlackElo "2102"]
[PlyCount "67"]
[EventDate "2019.09.15"]
[EventType "team-tourn"]
[EventRounds "9"]
[EventCountry "GER"]
[SourceTitle "EXT 2021"]
[Source "ChessBase"]
[SourceDate "2020.10.23"]
[SourceVersion "1"]
[SourceVersionDate "2020.10.23"]
[SourceQuality "1"]
[WhiteTeam "Nuertingen"]
[BlackTeam "Schwaebisch Gmuend"]
[WhiteTeamCountry "GER"]
[BlackTeamCountry "GER"]

1. d4 d5 2. e3 Nf6 3. Nf3 c5 4. Nbd2 Nc6 5. c3 cxd4 6. cxd4 Bg4 7. Qb3 Qc7 8. h3 Bd7 9. Be2 e6 10. a3 Bd6 11. Qd1 0-0 12. b3 Rfc8 13. Bb2 Qb6 14. 0-0 Ne7 15. Bd3 Bb5 16. Qe2 Bxd3 17. Qxd3 Rc6 18. Rfc1 Rac8 19. Rxc6 Rxc6 20. Rc1 Rxc1+ 21. Bxc1 Qc6 22. Bb2 Ne4 23. Ne1 Nxd2 24. Qxd2 Qa6 25. Qd3 Qa5 26. Nc2 f6 27. Bc3 Qc7 28. Bd2 Nc6 29. Qc3 Kf7 30. Qd3 g6 31. Bb4 Nxb4 32. axb4 a6 33. Kf1 Be7 34. g3 1/2-1/2

[Event "Oberliga Wuerttemberg 1920"]
[Site "Wuerttemberg"]
[Date "2019.09.15"]
[Round "1.5"]
[White "Hoenick, Andreas"]
[Black "Lohr, Markus"]
[Result "1/2-1/2"]
[WhiteElo "2102"]
[BlackElo "2108"]
[PlyCount "51"]
[EventDate "2019.09.15"]
[EventType "team-tourn"]
[EventRounds "9"]
[EventCountry "GER"]
[SourceTitle "EXT 2021"]
[Source "ChessBase"]
[SourceDate "2020.10.23"]
[SourceVersion "1"]
[SourceVersionDate "2020.10.23"]
[SourceQuality "1"]
[WhiteTeam "Schwaebisch Gmuend"]
[BlackTeam "Schmiden Cannstatt"]
[WhiteTeamCountry "GER"]
[BlackTeamCountry "GER"]

1. d4 Nf6 2. c4 g6 3. Nc3 d5 4. cxd5 Nxd5 5. e4 Nxc3 6. bxc3 Bg7 7. Bg5 c5 8. Rc1 cxd4 9. cxd4 0-0 10. Nf3 Bg4 11. d5 Nd7 12. Be2 Nf6 13. Nd2 Bxe2 14. Qxe2 Rc8 15. 0-0 Qd7 16. Qf3 Rxc1 17. Rxc1 Rc8 18. Rxc8+ Qxc8 19. Nf1 Qc4 20. d6 Qe6 21. dxe7 Qxe7 22. Qf4 Qxe4 23. Qb8+ Ne8 24. Qxa7 Bd4 25. Qb8 Kg7 26. Qf4 1/2-1/2

[Event "Staufer op 31st"]
[Site "Schwaebisch Gmuend"]
[Date "2019.01.03"]
[Round "3"]
[White "Zwahr, Paul"]
[Black "Hoenick, Andreas"]
[Result "1-0"]
[WhiteElo "2271"]
[BlackElo "2121"]
[PlyCount "53"]
[EventDate "2019.01.02"]
[EventType "swiss"]
[EventRounds "9"]
[EventCountry "GER"]
[SourceTitle "CBM 188 Extra"]
[Source "ChessBase"]
[SourceDate "2019.02.26"]
[SourceVersion "1"]
[SourceVersionDate "2019.02.26"]
[SourceQuality "1"]

1. e4 c5 2. Nf3 Nc6 3. d4 cxd4 4. Nxd4 Nf6 5. Nc3 d6 6. Bg5 e6 7. Qd2 Be7 8. 0-0-0 0-0 9. f4 h6 10. Bh4 e5 11. Nf5 Bxf5 12. exf5 exf4 13. Qxf4 d5 14. Kb1 d4 15. Bxf6 Bxf6 16. Ne4 Be5 17. Qg4 Re8 18. Bc4 Bf6 19. Bb3 Re5 20. Rhf1 b5 21. Rf4 Kf8 22. Qh5 Qe7 23. Nd6 Re1 24. Nxf7 Rxd1+ 25. Qxd1 Qc5 26. Nh8 g5 27. Qh5 1-0

[Event "Porto Mannu op 10th"]
[Site "Porto Mannu"]
[Date "2018.06.03"]
[Round "2"]
[White "Risting, Eivind Olav"]
[Black "Hoenick, Andreas"]
[Result "1/2-1/2"]
[WhiteElo "2301"]
[BlackElo "2113"]
[PlyCount "81"]
[EventDate "2018.06.02"]
[EventType "swiss"]
[EventRounds "9"]
[EventCountry "ITA"]
[SourceTitle "CBM 184 Extra"]
[Source "ChessBase"]
[SourceDate "2018.06.28"]
[SourceVersion "1"]
[SourceVersionDate "2018.06.28"]
[SourceQuality "1"]

1. d4 d5 2. c4 e6 3. Nc3 Bb4 4. Nf3 Nf6 5. cxd5 exd5 6. Bg5 Qd6 7. Nd2 Bf5 8. e3 c6 9. a3 Bxc3 10. bxc3 Nbd7 11. Be2 0-0 12. 0-0 Rfe8 13. Bf4 Qe7 14. c4 Ne4 15. Nxe4 Bxe4 16. cxd5 Bxd5 17. Bd3 Be4 18. Bxe4 Qxe4 19. Rc1 Nf6 20. Qb3 Re7 21. h3 Rae8 22. Qa4 Nd5 23. Bg3 a6 24. Rfe1 Qd3 25. Red1 Qg6 26. Qc2 Re4 27. Bh2 h5 28. Kh1 f5 29. Be5 Kh7 30. Qb3 Re7 31. Re1 f4 32. exf4 Nxf4 33. Qf3 Rxe1+ 34. Rxe1 Nd3 35. Re2 Rf7 36. Qe3 Qf5 37. Kg1 Nf4 38. Bxf4 Qxf4 39. g3 Qf5 40. Kh2 g6 41. h4 1/2-1/2

[Event "Staufer op-A 30th"]
[Site "Schwaebisch Gmuend"]
[Date "2018.01.02"]
[Round "1"]
[White "Wenninger, Philipp"]
[Black "Hoenick, Andreas"]
[Result "1/2-1/2"]
[WhiteElo "2349"]
[BlackElo "2112"]
[PlyCount "42"]
[EventDate "2018.01.02"]
[EventType "swiss"]
[EventRounds "9"]
[EventCountry "GER"]
[SourceTitle "CBM 182 Extra"]
[Source "ChessBase"]
[SourceDate "2018.02.23"]
[SourceVersion "1"]
[SourceVersionDate "2018.02.23"]
[SourceQuality "1"]

1. d4 d5 2. c4 e6 3. Nc3 Bb4 4. Nf3 Nf6 5. Bg5 dxc4 6. Qa4+ Nc6 7. e3 Bd7 8. Qc2 h6 9. Bh4 b5 10. Be2 Rb8 11. 0-0 0-0 12. Ne5 Be7 13. Nxd7 Qxd7 14. Rfd1 Rfd8 15. Bf3 Nd5 16. Bg3 Ncb4 17. Qd2 Bd6 18. a3 Nxc3 19. Qxc3 Bxg3 20. hxg3 Nd5 21. Qc2 Qe7 1/2-1/2

[Event "Feffernitz op 26th"]
[Site "Feffernitz"]
[Date "2017.08.25"]
[Round "7"]
[White "Hoenick, Andreas"]
[Black "Kainz, Josef"]
[Result "1/2-1/2"]
[WhiteElo "2118"]
[BlackElo "1832"]
[PlyCount "142"]
[EventDate "2017.08.20"]
[EventType "swiss"]
[EventRounds "9"]
[EventCountry "AUT"]
[SourceTitle "CBM 180 Extra"]
[Source "ChessBase"]
[SourceDate "2017.10.06"]
[SourceVersion "1"]
[SourceVersionDate "2017.10.06"]
[SourceQuality "1"]

1. d4 Nf6 2. c4 g6 3. Nc3 d5 4. cxd5 Nxd5 5. e4 Nxc3 6. bxc3 Bg7 7. Be3 c5 8. Qd2 Qa5 9. Rc1 Nc6 10. d5 Ne5 11. h3 c4 12. f4 Nd3+ 13. Bxd3 cxd3 14. Nf3 f5 15. c4 Qxd2+ 16. Nxd2 fxe4 17. Nxe4 Bf5 18. Ng3 Bb2 19. Rd1 Rc8 20. Nxf5 Bc3+ 21. Kf2 gxf5 22. Rxd3 Bb4 23. Rc1 b6 24. Rb3 Bd6 25. Rb5 Kf7 26. a4 Rc7 27. a5 Rhc8 28. axb6 axb6 29. Rxb6 Rxc4 30. Rc6 Rxc1 31. Rxc1 Ra8 32. g4 Ra5 33. Rd1 Bc5 34. Bxc5 Rxc5 35. Kg3 Kg6 36. Kh4 Rc4 37. d6 exd6 38. Rxd6+ Kg7 39. Kg5 fxg4 40. hxg4 Rc1 41. Rd7+ Kg8 42. Re7 Rh1 43. Kf5 Rh6 44. Re6 Rh1 45. g5 Kf7 46. Ra6 Rb1 47. Ra7+ Kg8 48. Rc7 Rb4 49. Ke5 Rb6 50. f5 Ra6 51. Rd7 Rb6 52. Rd6 Rb8 53. f6 Ra8 54. Rd7 Rb8 55. Ke6 Re8+ 56. Re7 Ra8 57. Rg7+ Kh8 58. Rd7 Kg8 59. Ke7 Rf8 60. Ke6 Re8+ 61. Kf5 Ra8 62. Rg7+ Kh8 63. Re7 Kg8 64. Re5 Kf7 65. Re7+ Kg8 66. Rg7+ Kh8 67. Re7 Kg8 68. g6 Ra5+ 69. Kg4 hxg6 70. Rg7+ Kf8 71. Rxg6 Kf7 1/2-1/2

[Event "Feffernitz op 26th"]
[Site "Feffernitz"]
[Date "2017.08.23"]
[Round "5"]
[White "Hoenick, Andreas"]
[Black "Erber, Siegfried"]
[Result "1-0"]
[WhiteElo "2118"]
[BlackElo "1880"]
[PlyCount "57"]
[EventDate "2017.08.20"]
[EventType "swiss"]
[EventRounds "9"]
[EventCountry "AUT"]
[SourceTitle "CBM 180 Extra"]
[Source "ChessBase"]
[SourceDate "2017.10.06"]
[SourceVersion "1"]
[SourceVersionDate "2017.10.06"]
[SourceQuality "1"]

1. d4 Nf6 2. c4 e6 3. Nc3 Bb4 4. Qc2 c5 5. dxc5 Bxc5 6. Nf3 0-0 7. Bf4 a6 8. e3 Nc6 9. Be2 h6 10. h3 b6 11. 0-0 Bb7 12. Rfd1 d5 13. a3 Ne7 14. Be5 Ng6 15. Bxf6 Qxf6 16. cxd5 exd5 17. Nxd5 Bxd5 18. Rxd5 a5 19. Rad1 Rad8 20. Bc4 Rxd5 21. Rxd5 Rd8 22. Rxd8+ Qxd8 23. Qxg6 Qd1+ 24. Kh2 Bd6+ 25. Ne5 Bxe5+ 26. f4 Bf6 27. Qxf7+ Kh7 28. Qg8+ Kg6 29. Bf7+ 1-0

[Event "Oberliga Wuerttemberg 1617"]
[Site "Wuerttemberg"]
[Date "2017.04.23"]
[Round "11.7"]
[White "Hoenick, Andreas"]
[Black "Weiss, Michael1111"]
[Result "1-0"]
[WhiteElo "2149"]
[BlackElo "1884"]
[PlyCount "103"]
[EventDate "2016.09.25"]
[EventType "team-tourn"]
[EventRounds "11"]
[EventCountry "GER"]
[SourceTitle "EXT 2019"]
[Source "ChessBase"]
[SourceDate "2018.10.10"]
[SourceVersion "1"]
[SourceVersionDate "2018.10.10"]
[SourceQuality "1"]
[WhiteTeam "Schwaebisch Gmuend"]
[BlackTeam "Erdmannhausen"]
[WhiteTeamCountry "GER"]
[BlackTeamCountry "GER"]

1. d4 Nf6 2. c4 e6 3. Nc3 Bb4 4. Qc2 c5 5. dxc5 Na6 6. a3 Bxc3+ 7. Qxc3 Nxc5 8. b4 Na4 9. Qb3 Nb6 10. Nf3 d5 11. c5 Nbd7 12. Bf4 0-0 13. e3 a6 14. Be2 Re8 15. 0-0 Ne4 16. h3 Qe7 17. Rfd1 Nf8 18. Bd3 Ng6 19. Bxe4 dxe4 20. Bd6 Qf6 21. Nd2 Qf5 22. Qc4 Bd7 23. Qxe4 Qxe4 24. Nxe4 Bc6 25. Nc3 Nh4 26. f3 Nf5 27. Kf2 Nxd6 28. Rxd6 Red8 29. Rad1 Rxd6 30. Rxd6 Kf8 31. Ke2 Ke7 32. Kd3 Rd8 33. Rxd8 Kxd8 34. a4 Kc7 35. b5 axb5 36. axb5 Bd7 37. f4 Be8 38. g4 f6 39. h4 Bd7 40. g5 Be8 41. Kd4 h6 42. gxh6 gxh6 43. Ne4 e5+ 44. Kc4 Bf7+ 45. Kb4 exf4 46. exf4 f5 47. Nd6 Be6 48. Kc3 b6 49. Kd4 bxc5+ 50. Kxc5 Bd7 51. b6+ Kb8 52. Kd5 1-0

[Event "Calvia Amateur op 12th"]
[Site "Calvia"]
[Date "2015.10.14"]
[Round "5"]
[White "Hoenick, Andreas"]
[Black "Dijon, Frederic"]
[Result "1-0"]
[WhiteElo "2097"]
[BlackElo "1965"]
[PlyCount "50"]
[EventDate "2015.10.10"]
[EventType "swiss"]
[EventRounds "9"]
[EventCountry "ESP"]
[SourceTitle "EXT 2017"]
[Source "ChessBase"]
[SourceDate "2016.10.25"]
[SourceVersion "1"]
[SourceVersionDate "2016.10.25"]
[SourceQuality "1"]

1. d4 f5 2. Nf3 Nf6 3. g3 e6 4. Bg2 d6 5. 0-0 Be7 6. c4 0-0 7. Nc3 Ne4 8. Nxe4 fxe4 9. Nd2 d5 10. f3 dxc4 11. Nxe4 b5 12. f4 c6 13. a4 b4 14. Be3 Nd7 15. a5 Qc7 16. Qc2 Ba6 17. Bh3 c5 18. Bxe6+ Kh8 19. d5 c3 20. bxc3 b3 21. Qd2 Bd6 22. Rf2 Rfe8 23. Ng5 g6 24. Nf7+ Kg7 25. f5 Ne5 1-0

[Event "Calvia Amateur op 12th"]
[Site "Calvia"]
[Date "2015.10.11"]
[Round "2"]
[White "Busom Ferrer, Manuel"]
[Black "Hoenick, Andreas"]
[Result "0-1"]
[WhiteElo "1746"]
[BlackElo "2097"]
[PlyCount "44"]
[EventDate "2015.10.10"]
[EventType "swiss"]
[EventRounds "9"]
[EventCountry "ESP"]
[SourceTitle "EXT 2017"]
[Source "ChessBase"]
[SourceDate "2016.10.25"]
[SourceVersion "1"]
[SourceVersionDate "2016.10.25"]
[SourceQuality "1"]

1. e4 c5 2. Nf3 Nc6 3. d4 cxd4 4. Nxd4 Nf6 5. Nc3 d6 6. Be2 e5 7. Nb3 Be7 8. 0-0 0-0 9. Be3 Be6 10. f4 exf4 11. Bxf4 d5 12. exd5 Nxd5 13. Nxd5 Bxd5 14. Bd3 Nb4 15. Bxh7+ Kxh7 16. Qh5+ Kg8 17. Rad1 Qb6+ 18. Kh1 Rad8 19. a3 Bxb3 20. axb4 Bxc2 21. Rc1 Bg6 22. Qe2 Rd7 0-1

[Event "Calvia Amateur op 11th"]
[Site "Calvia"]
[Date "2014.10.09"]
[Round "6"]
[White "Ponce Cano, Adrian"]
[Black "Hoenick, Andreas"]
[Result "1-0"]
[WhiteElo "1996"]
[BlackElo "2141"]
[PlyCount "65"]
[EventDate "2014.10.04"]
[EventType "swiss"]
[EventRounds "9"]
[EventCountry "ESP"]
[SourceTitle "EXT 2015"]
[Source "ChessBase"]
[SourceDate "2014.11.20"]
[SourceVersion "1"]
[SourceVersionDate "2014.11.20"]
[SourceQuality "1"]

1. e4 e6 2. d3 d5 3. Nd2 Nf6 4. Ngf3 b6 5. e5 Nfd7 6. d4 c5 7. c3 Nc6 8. Bb5 Qc7 9. 0-0 Be7 10. Re1 Bb7 11. Nf1 Rc8 12. Ng3 a6 13. Bxc6 Qxc6 14. Bf4 0-0 15. Qd2 cxd4 16. Nxd4 Qc7 17. Bg5 Qd8 18. Bxe7 Qxe7 19. Qf4 h6 20. h4 Rc4 21. Qg4 Kh7 22. b3 Rxd4 23. cxd4 Rc8 24. Rac1 Qb4 25. Nf5 g6 26. Nd6 Rxc1 27. Rxc1 Nxe5 28. Qf4 Qxd6 29. dxe5 Qd7 30. Qd4 Qd8 31. Qc3 Qxh4 32. Qc7 Qf4 33. g3 1-0

[Event "Staufer op 26th"]
[Site "Schwaebisch Gmuend"]
[Date "2014.01.05"]
[Round "7"]
[White "Bodrozic, Tomislav"]
[Black "Hoenick, Andreas"]
[Result "1-0"]
[WhiteElo "2256"]
[BlackElo "2148"]
[PlyCount "67"]
[EventDate "2014.01.02"]
[EventType "swiss"]
[EventRounds "9"]
[EventCountry "GER"]
[SourceTitle "CBM 158 Extra"]
[Source "ChessBase"]
[SourceDate "2014.02.28"]
[SourceVersion "1"]
[SourceVersionDate "2014.02.28"]
[SourceQuality "1"]

1. e4 e6 2. d4 d5 3. Nd2 Be7 4. c3 c5 5. dxc5 Bxc5 6. Bd3 Nc6 7. Ngf3 Nf6 8. Qe2 0-0 9. 0-0 Re8 10. e5 Nd7 11. Nb3 Be7 12. Nbd4 Nf8 13. Bf4 Bd7 14. Rad1 a6 15. Bg3 b5 16. Nxc6 Bxc6 17. Nd4 Qb6 18. f4 f6 19. Kh1 f5 20. Bf2 Qb7 21. g4 g6 22. gxf5 exf5 23. Rg1 Kh8 24. h4 Bc5 25. h5 Bxd4 26. cxd4 Ne6 27. Bh4 Nxd4 28. Bf6+ Kg8 29. Qf2 Nf3 30. hxg6 Nxg1 31. Rxg1 d4+ 32. Kh2 h5 33. Qh4 Bf3 34. Qg5 1-0

[Event "Staufer op 26th"]
[Site "Schwaebisch Gmuend"]
[Date "2014.01.04"]
[Round "6"]
[White "Hoenick, Andreas"]
[Black "Jansen, Dirk Norbert"]
[Result "1/2-1/2"]
[WhiteElo "2148"]
[BlackElo "2218"]
[PlyCount "114"]
[EventDate "2014.01.02"]
[EventType "swiss"]
[EventRounds "9"]
[EventCountry "GER"]
[SourceTitle "CBM 158 Extra"]
[Source "ChessBase"]
[SourceDate "2014.02.28"]
[SourceVersion "1"]
[SourceVersionDate "2014.02.28"]
[SourceQuality "1"]

1. d4 f5 2. Nf3 Nf6 3. g3 g6 4. Bg2 Bg7 5. 0-0 0-0 6. b3 d6 7. Bb2 Qe8 8. Nbd2 Nc6 9. c4 e5 10. dxe5 dxe5 11. e4 f4 12. c5 Bg4 13. Qc2 Kh8 14. h3 Bxf3 15. Nxf3 fxg3 16. fxg3 Qe7 17. a3 a5 18. Qc4 Rad8 19. b4 Nh5 20. Kh2 Nd4 21. Bxd4 exd4 22. Rad1 axb4 23. axb4 c6 24. h4 h6 25. e5 Rxf3 26. Rxf3 Bxe5 27. Rdd3 Qxh4+ 28. Bh3 Nxg3 29. Rxg3 Rf8 30. Qc2 Qe4 31. Qd2 Kh7 32. Kg1 Bxg3 33. Rxg3 Ra8 34. Bf1 Ra1 35. Qd3 Qxd3 36. Rxd3 b6 37. cxb6 Ra6 38. Rxd4 Rxb6 39. Rc4 Kg7 40. Bg2 h5 41. Bxc6 Kf6 42. b5 Ke5 43. Re4+ Kf5 44. Re8 g5 45. Rf8+ Ke5 46. Kg2 Kd6 47. Rf6+ Kc7 48. Rf7+ Kd6 49. Rb7 Rxb7 50. Bxb7 Kc5 51. Bc6 h4 52. Kh3 Kb6 53. Kg4 Kc5 54. Be8 Kb6 55. Bd7 Kc5 56. Kxg5 h3 57. Bxh3 Kxb5 1/2-1/2

[Event "Porto Mannu op 5th"]
[Site "Porto Mannu"]
[Date "2013.06.04"]
[Round "4"]
[White "Lanzani, Mario"]
[Black "Hoenick, Andreas"]
[Result "1/2-1/2"]
[WhiteElo "2303"]
[BlackElo "2152"]
[PlyCount "73"]
[EventDate "2013.06.01"]
[EventType "swiss"]
[EventRounds "9"]
[EventCountry "ITA"]
[SourceTitle "CBM 154 Extra"]
[Source "ChessBase"]
[SourceDate "2013.06.25"]
[SourceVersion "2"]
[SourceVersionDate "2013.06.25"]
[SourceQuality "1"]

1. e4 e6 2. d4 d5 3. Nd2 Be7 4. c3 c5 5. dxc5 Bxc5 6. Nb3 Bb6 7. exd5 exd5 8. Nf3 Nf6 9. Bb5+ Bd7 10. Qe2+ Ne4 11. Bxd7+ Nxd7 12. Be3 0-0 13. Bxb6 Qxb6 14. 0-0 Rfe8 15. Qd3 Ndf6 16. Nfd4 a6 17. Rfe1 Ng4 18. f3 Ne5 19. Qc2 Nf6 20. Re2 Nc6 21. Rae1 g6 22. Rxe8+ Rxe8 23. Rxe8+ Nxe8 24. Qf2 Nd6 25. Nxc6 Qxc6 26. Nd4 Qa4 27. b3 Qa5 28. Qd2 Nb5 29. Nxb5 Qxb5 30. g4 Qc5+ 31. Kg2 b5 32. b4 Qc4 33. h4 h6 34. Kg3 Qc7+ 35. Kh3 Qc4 36. Kg3 Qc7+ 37. Kh3 1/2-1/2

[Event "Porto Mannu op 5th"]
[Site "Porto Mannu"]
[Date "2013.06.02"]
[Round "2"]
[White "Ravagnani, Tiziano"]
[Black "Hoenick, Andreas"]
[Result "0-1"]
[WhiteElo "1973"]
[BlackElo "2152"]
[PlyCount "80"]
[EventDate "2013.06.01"]
[EventType "swiss"]
[EventRounds "9"]
[EventCountry "ITA"]
[SourceTitle "CBM 154 Extra"]
[Source "ChessBase"]
[SourceDate "2013.06.25"]
[SourceVersion "2"]
[SourceVersionDate "2013.06.25"]
[SourceQuality "1"]

1. e4 e6 2. d4 d5 3. Nc3 Bb4 4. e5 c5 5. a3 Bxc3+ 6. bxc3 Ne7 7. Qg4 0-0 8. Bd3 f5 9. exf6 Rxf6 10. Bg5 Rf7 11. Nf3 e5 12. Qh4 e4 13. Ne5 Qa5 14. 0-0 Nf5 15. Qh5 g6 16. Qh3 Rf8 17. Be2 Nxd4 18. Bg4 Nf5 19. Bxf5 Bxf5 20. g4 Be6 21. Qh6 Qxc3 22. Nxg6 hxg6 23. Qxg6+ Qg7 24. Qxe6+ Qf7 25. Qd6 Nc6 26. Rab1 Nd4 27. f4 exf3 28. Kf2 Rae8 29. Rfe1 Re2+ 30. Kf1 Nxc2 31. Red1 d4 32. Bh6 Rfe8 33. Rxb7 R2e7 34. Rxe7 Rxe7 35. Qxc5 Ne3+ 36. Bxe3 dxe3 37. Rd8+ Kh7 38. Qd4 e2+ 39. Ke1 f2+ 40. Qxf2 Qxf2+ 0-1

[Event "Oberliga Wuerttemberg 1213"]
[Site "Wuerttemberg"]
[Date "2013.04.14"]
[Round "9.6"]
[White "Hoenick, Andreas"]
[Black "Mudrak, Josef"]
[Result "0-1"]
[WhiteElo "2054"]
[BlackElo "2302"]
[PlyCount "96"]
[EventDate "2012.09.30"]
[EventType "team-tourn"]
[EventRounds "9"]
[EventCountry "GER"]
[SourceTitle "EXT 2019"]
[Source "ChessBase"]
[SourceDate "2018.10.10"]
[SourceVersion "1"]
[SourceVersionDate "2018.10.10"]
[SourceQuality "1"]
[WhiteTeam "Schwaebisch Gmuend"]
[BlackTeam "Schwaebisch Hall"]
[WhiteTeamCountry "GER"]
[BlackTeamCountry "GER"]

1. d4 Nf6 2. c4 g6 3. g3 c5 4. d5 e5 5. Nc3 d6 6. Bg2 Bg7 7. Nf3 0-0 8. 0-0 a6 9. Ne1 b5 10. cxb5 axb5 11. Nxb5 Qb6 12. Na3 Bb7 13. Nec2 e4 14. Ne3 Qa6 15. Nac4 Nbd7 16. Qc2 Nxd5 17. Nxd5 Bxd5 18. Ne3 Bb7 19. Bxe4 Bxe4 20. Qxe4 Qxe2 21. Qc4 Qxc4 22. Nxc4 d5 23. Rd1 dxc4 24. Rxd7 Rfb8 25. a4 h5 26. Ra2 c3 27. bxc3 Rb1 28. Rc2 Rxa4 29. Kg2 Rc4 30. Bb2 Bf6 31. Rc7 g5 32. Ba3 Rb5 33. h3 Kg7 34. Bc1 Be5 35. Rd7 Kg6 36. Rd5 f6 37. Be3 Kf5 38. Kf3 Ke6 39. Rd3 h4 40. g4 Rb1 41. Re2 Rh1 42. Kg2 Rh2+ 43. Kg1 Rxh3 44. Ra2 Rxg4+ 45. Kf1 c4 46. Ra6+ Kf5 47. Rd7 Rh1+ 48. Ke2 h3 0-1